[Event "CZE-chT2E 1213"]
[Site "Czech Republic"]
[Date "2013.03.03"]
[Round "10.1"]
[White "Kalod, Radek"]
[Black "Sekanina, Jiri"]
[Result "1-0"]
[WhiteElo "2497"]
[BlackElo "2125"]
[PlyCount "65"]
[EventDate "2012.10.14"]
[EventType "team-tourn"]
[EventRounds "11"]
[EventCountry "CZE"]
[SourceTitle "EXT 2016"]
[Source "ChessBase"]
[SourceDate "2015.10.08"]
[SourceVersion "1"]
[SourceVersionDate "2015.10.08"]
[SourceQuality "1"]
[WhiteTeam "Brno Moravska Slavia"]
[BlackTeam "Adamov"]
[WhiteTeamCountry "CZE"]
[BlackTeamCountry "CZE"]

1. d4 Nf6 2. c4 g6 3. Nc3 d5 4. Nf3 Bg7 5. Bf4 0-0 6. Rc1 dxc4 7. e4 Bg4 8. Bxc4 Nh5 9. Be3 Bxf3 10. gxf3 e5 11. dxe5 Qh4 12. e6 fxe6 13. Bxe6+ Kh8 14. Qd5 c6 15. Qg5 Qxg5 16. Bxg5 Na6 17. Ke2 Nf4+ 18. Bxf4 Rxf4 19. h4 Raf8 20. h5 Rxf3 21. Rcf1 Nc5 22. Bg4 R3f4 23. f3 g5 24. Bf5 Re8 25. Kd2 Rd8+ 26. Kc2 Rd3 27. Na4 Rd4 28. Nxc5 Rc4+ 29. Kb1 Rxc5 30. Rd1 Bf6 31. Rd6 Rcxf5 32. exf5 Rxf5 33. Rd7 1-0

[Event "CZE-chT2E 1213"]
[Site "Czech Republic"]
[Date "2012.11.18"]
[Round "3.1"]
[White "Kalod, Radek"]
[Black "Bazant, Petr Jr"]
[Result "1/2-1/2"]
[WhiteElo "2497"]
[BlackElo "2376"]
[PlyCount "74"]
[EventDate "2012.10.14"]
[EventType "team-tourn"]
[EventRounds "11"]
[EventCountry "CZE"]
[SourceTitle "EXT 2016"]
[Source "ChessBase"]
[SourceDate "2015.10.08"]
[SourceVersion "1"]
[SourceVersionDate "2015.10.08"]
[SourceQuality "1"]
[WhiteTeam "Brno Moravska Slavia"]
[BlackTeam "Stare Mesto II"]
[WhiteTeamCountry "CZE"]
[BlackTeamCountry "CZE"]

1. Nf3 d5 2. d4 Nf6 3. c4 e6 4. Nc3 Be7 5. Bg5 0-0 6. e3 b6 7. Bd3 Bb7 8. 0-0 dxc4 9. Bxc4 Nd5 10. Bxe7 Qxe7 11. Rc1 Nxc3 12. Rxc3 Nd7 13. Bb5 a6 14. Bc6 Ra7 15. Qc2 Bxc6 16. Rxc6 Nb8 17. Rc3 f6 18. Rc1 Rf7 19. a3 Qd6 20. h3 Rd7 21. b4 Re7 22. e4 c6 23. Qb3 Kf7 24. g3 Rec7 25. Kg2 Rd7 26. h4 Rd8 27. Qb1 Kg8 28. R1c2 Rad7 29. Qb3 Qe7 30. Rc1 h6 31. Rh1 Kh7 32. Qc2 Kg8 33. Qb3 Kh7 34. Rhc1 Qe8 35. Re3 Kh8 36. Rec3 Kh7 37. Re3 Kh8 1/2-1/2

[Event "CZE-chT 1213"]
[Site "Czech Republic"]
[Date "2012.11.04"]
[Round "2.7"]
[White "Kalod, Radek"]
[Black "Jasny, Stanislav"]
[Result "0-1"]
[WhiteElo "2497"]
[BlackElo "2303"]
[PlyCount "92"]
[EventDate "2012.11.03"]
[EventType "team-tourn"]
[EventRounds "11"]
[EventCountry "CZE"]
[SourceTitle "EXT 2013"]
[Source "ChessBase"]
[SourceDate "2012.11.22"]
[SourceVersion "1"]
[SourceVersionDate "2012.11.22"]
[SourceQuality "1"]
[WhiteTeam "Novoborsky"]
[BlackTeam "Frydek Mistek"]
[WhiteTeamCountry "CZE"]
[BlackTeamCountry "CZE"]

1. c4 Nf6 2. Nc3 g6 3. d4 Bg7 4. e4 d6 5. Nf3 0-0 6. h3 e5 7. d5 a5 8. Bg5 Na6 9. Nd2 Qe8 10. Be2 Nd7 11. g4 Ndc5 12. Rg1 Kh8 13. a3 a4 14. Qc2 f5 15. gxf5 gxf5 16. 0-0-0 fxe4 17. Ncxe4 Bf5 18. Be3 Nb3+ 19. Nxb3 axb3 20. Qd3 b6 21. Rg5 Nc5 22. Bxc5 bxc5 23. Rxf5 Rxf5 24. Qxb3 Rf4 25. Qd3 Qg6 26. f3 Rb8 27. Kc2 Qg2 28. Qe3 Bh6 29. Qd3 Rbf8 30. Kb1 Rh4 31. a4 Qg7 32. Rh1 Ra8 33. b3 Rf4 34. Bd1 Qg2 35. Rf1 Raf8 36. Rf2 Qg1 37. Rf1 Qd4 38. Qe2 Rg8 39. Bc2 Rff8 40. Ka2 Qe3 41. Qf2 Qxf2 42. Rxf2 Be3 43. Re2 Rxf3 44. Nc3 Bd4 45. Nb5 Rg1 46. Bb1 Rff1 0-1

[Event "Pardubice op rap 23rd"]
[Site "Pardubice"]
[Date "2012.07.19"]
[Round "6"]
[White "Ivanov, Oleg V"]
[Black "Kalod, Radek"]
[Result "1-0"]
[WhiteElo "2506"]
[BlackElo "2497"]
[PlyCount "211"]
[EventDate "2012.07.18"]
[EventType "swiss (rapid)"]
[EventRounds "9"]
[EventCountry "CZE"]
[SourceTitle "CBM 149 Extra"]
[Source "ChessBase"]
[SourceDate "2012.08.24"]
[SourceVersion "1"]
[SourceVersionDate "2012.08.24"]
[SourceQuality "1"]

1. e4 c5 2. Nf3 e6 3. d4 cxd4 4. Nxd4 a6 5. c4 Nf6 6. Nc3 d6 7. Be2 Nbd7 8. Be3 b6 9. 0-0 Bb7 10. f3 Be7 11. a3 0-0 12. b4 Rc8 13. Rc1 Qc7 14. Nb3 Rfe8 15. Kh1 Qb8 16. Bg1 Bd8 17. Na4 Bc7 18. c5 dxc5 19. bxc5 Bf4 20. Rb1 Red8 21. Qe1 b5 22. Nb2 Ne5 23. a4 Bc6 24. Nd4 Be8 25. axb5 axb5 26. g3 Bh6 27. f4 Nc6 28. Nxb5 Nxe4 29. Nc4 Ne7 30. Nbd6 Qa8 31. Bf3 Nxd6 32. Bxa8 Rxa8 33. Ne5 Nc4 34. h3 Nd2 35. Rf2 Nxb1 36. Qxb1 g6 37. Ra2 Rab8 38. Rb2 Nc6 39. Bd4 Bg7 40. Kg1 Rxb2 41. Bxb2 Rb8 42. Qa1 h5 43. Bc3 Rc8 44. Nxc6 Bxc3 45. Ne7+ Kf8 46. Nxg6+ fxg6 47. Qxc3 Kf7 48. Qe5 Bc6 49. Qd6 Be8 50. Kf2 Rc6 51. Qe5 Rc8 52. g4 hxg4 53. hxg4 Ke7 54. Qd6+ Kf7 55. Kg3 Rc6 56. Qe5 Rc8 57. Kh4 Ke7 58. Qd6+ Kf7 59. Kg5 Rc6 60. Qe5 Ke7 61. f5 gxf5 62. gxf5 Kd7 63. f6 Kc8 64. Kh6 Rc7 65. Qxe6+ Kd8 66. Qd6+ Kc8 67. Kg5 Bf7 68. Kf4 Kb7 69. Qb6+ Kc8 70. Ke5 Kd7 71. Qd6+ Kc8 72. Qa6+ Kd7 73. Qd6+ Kc8 74. Qf8+ Kb7 75. Kd4 Rd7+ 76. Kc3 Kc6 77. Qc8+ Rc7 78. Qf5 Rd7 79. Kb4 Rb7+ 80. Kc3 Rd7 81. Qe5 Rd5 82. Qe7 Rd7 83. Qe3 Kb5 84. Qh3 Kc6 85. Qf5 Kc7 86. Kb4 Kc6 87. Qe4+ Bd5 88. Qe8 Kc7 89. Qf8 Bf7 90. Kb5 Bd5 91. Qh8 Bc6+ 92. Kb4 Bd5 93. Qe8 Bf7 94. Qe4 Bd5 95. Qe5+ Kc6 96. Qe8 Bf7 97. Qc8+ Rc7 98. Qa6+ Kd7 99. Qd6+ Kc8 100. c6 Be8 101. Kc5 Bxc6 102. Qxc6 Rxc6+ 103. Kxc6 Kd8 104. Kd6 Ke8 105. Ke6 Kf8 106. f7 1-0

[Event "Hustopece op"]
[Site "Hustopece"]
[Date "2012.06.09"]
[Round "4"]
[White "Kalod, Radek"]
[Black "Konopka, Michal"]
[Result "1/2-1/2"]
[WhiteElo "2497"]
[BlackElo "2452"]
[PlyCount "42"]
[EventDate "2012.06.09"]
[EventType "swiss (rapid)"]
[EventRounds "9"]
[EventCountry "CZE"]
[SourceTitle "CBM 148 Extra"]
[Source "ChessBase"]
[SourceDate "2012.06.22"]
[SourceVersion "1"]
[SourceVersionDate "2012.06.22"]
[SourceQuality "1"]

1. d4 d5 2. Nf3 Nf6 3. c4 e6 4. Nc3 Be7 5. Bg5 h6 6. Bxf6 Bxf6 7. Qc2 0-0 8. e4 dxe4 9. Qxe4 c5 10. 0-0-0 Nc6 11. d5 exd5 12. Nxd5 Be6 13. Bd3 g6 14. Nxf6+ Qxf6 15. Rhe1 Rad8 16. Bb1 Nd4 17. Qe5 Qxe5 18. Nxe5 Kg7 19. b3 b6 20. f4 Rd6 21. Kb2 Rfd8 1/2-1/2

[Event "CZE-chT 1112"]
[Site "Czech Republic"]
[Date "2012.03.03"]
[Round "7.8"]
[White "Kalod, Radek"]
[Black "Cernousek, Lukas"]
[Result "1/2-1/2"]
[WhiteElo "2500"]
[BlackElo "2438"]
[PlyCount "34"]
[EventDate "2011.10.08"]
[EventType "team-tourn"]
[EventRounds "11"]
[EventCountry "CZE"]
[SourceTitle "EXT 2013"]
[Source "ChessBase"]
[SourceDate "2012.11.22"]
[SourceVersion "1"]
[SourceVersionDate "2012.11.22"]
[SourceQuality "1"]
[WhiteTeam "Novoborsky"]
[BlackTeam "Pardubice"]
[WhiteTeamCountry "CZE"]
[BlackTeamCountry "CZE"]

1. d4 Nf6 2. c4 g6 3. Nc3 d5 4. cxd5 Nxd5 5. e4 Nxc3 6. bxc3 Bg7 7. Be3 c5 8. Qd2 Qa5 9. Rc1 0-0 10. d5 f5 11. Nf3 fxe4 12. Ng5 Bf5 13. Bc4 Kh8 14. Be2 Na6 15. g4 Bd7 16. h4 Nc7 17. h5 Be8 1/2-1/2

[Event "CZE-chT1W 1112"]
[Site "Czech Republic"]
[Date "2012.01.15"]
[Round "6.1"]
[White "Nun, Jiri"]
[Black "Kalod, Radek"]
[Result "1/2-1/2"]
[WhiteElo "2372"]
[BlackElo "2500"]
[PlyCount "54"]
[EventDate "2011.10.02"]
[EventType "team-tourn"]
[EventRounds "11"]
[EventCountry "CZE"]
[SourceTitle "EXT 2013"]
[Source "ChessBase"]
[SourceDate "2012.11.22"]
[SourceVersion "1"]
[SourceVersionDate "2012.11.22"]
[SourceQuality "1"]
[WhiteTeam "Hradec Kralove"]
[BlackTeam "Praha Mahrla"]
[WhiteTeamCountry "CZE"]
[BlackTeamCountry "CZE"]

1. e4 c5 2. Nf3 d6 3. c3 Nf6 4. g3 Nc6 5. d3 g6 6. Bg2 Bg7 7. 0-0 0-0 8. h3 c4 9. Na3 cxd3 10. Qxd3 Bd7 11. Nc2 Rc8 12. Ne3 b5 13. Nd4 Ne5 14. Qe2 Qb6 15. Rd1 e6 16. Kh2 Rfd8 17. Nec2 a6 18. f4 Nc6 19. Nf3 Qb8 20. Re1 e5 21. fxe5 dxe5 22. a4 Be6 23. axb5 axb5 24. Bg5 h6 25. Bxf6 Bxf6 26. Ne3 b4 27. c4 Nd4 1/2-1/2

[Event "CZE-chT 1112"]
[Site "Czech Republic"]
[Date "2012.01.07"]
[Round "5.8"]
[White "Krcal, Michal"]
[Black "Kalod, Radek"]
[Result "0-1"]
[WhiteElo "2130"]
[BlackElo "2500"]
[PlyCount "80"]
[EventDate "2011.10.08"]
[EventType "team-tourn"]
[EventRounds "11"]
[EventCountry "CZE"]
[SourceTitle "EXT 2013"]
[Source "ChessBase"]
[SourceDate "2012.11.22"]
[SourceVersion "1"]
[SourceVersionDate "2012.11.22"]
[SourceQuality "1"]
[WhiteTeam "Zlin"]
[BlackTeam "Novoborsky"]
[WhiteTeamCountry "CZE"]
[BlackTeamCountry "CZE"]

1. e4 c5 2. Nf3 b6 3. d4 cxd4 4. Nxd4 Bb7 5. Nc3 a6 6. Be3 e6 7. Bd3 Ne7 8. 0-0 Nbc6 9. Qe2 Nxd4 10. Bxd4 Nc6 11. Be3 b5 12. Rad1 Be7 13. f4 Nb4 14. Bd4 0-0 15. Qg4 f6 16. Rfe1 Rc8 17. a3 Nxd3 18. cxd3 Qe8 19. Kh1 Qg6 20. Qh3 Bd6 21. Rf1 h5 22. Rc1 f5 23. Rf3 Qg4 24. Rg3 Bxf4 25. Rxg4 hxg4 26. Qh5 Bxc1 27. Qg6 Bh6 28. h3 gxh3 29. gxh3 fxe4 30. Nxe4 Rc2 31. Kg1 Rc1+ 32. Kg2 Rd1 33. Kh2 Bf4+ 34. Kg2 e5 35. Bc5 Rf7 36. Qb6 Bc6 37. Qd8+ Kh7 38. Qh4+ Bh6 39. Qh5 Rdf1 40. Bf2 R1xf2+ 0-1

[Event "CZE-chT1W 1112"]
[Site "Czech Republic"]
[Date "2011.12.11"]
[Round "5.1"]
[White "Kalod, Radek"]
[Black "Bernasek, Jan"]
[Result "1/2-1/2"]
[WhiteElo "2500"]
[BlackElo "2464"]
[PlyCount "53"]
[EventDate "2011.10.02"]
[EventType "team-tourn"]
[EventRounds "11"]
[EventCountry "CZE"]
[SourceTitle "EXT 2013"]
[Source "ChessBase"]
[SourceDate "2012.11.22"]
[SourceVersion "1"]
[SourceVersionDate "2012.11.22"]
[SourceQuality "1"]
[WhiteTeam "Praha Mahrla"]
[BlackTeam "Postovni sporitelna"]
[WhiteTeamCountry "CZE"]
[BlackTeamCountry "CZE"]

1. e4 c5 2. Nf3 d6 3. d4 cxd4 4. Nxd4 Nf6 5. Nc3 a6 6. Be3 e5 7. Nf3 Be7 8. Bc4 0-0 9. 0-0 h6 10. Qe2 Be6 11. Rfd1 Nbd7 12. a4 Rc8 13. Nd2 Qc7 14. Bb3 Qa5 15. Nc4 Qc7 16. Nd5 Bxd5 17. exd5 Nc5 18. a5 Nxb3 19. cxb3 Nd7 20. Rac1 Qd8 21. Nb6 Nxb6 22. Bxb6 Qd7 23. Rc4 Bd8 24. Bxd8 Rfxd8 25. Qc2 g6 26. Rc1 Rc5 27. Rxc5 1/2-1/2